[Event "Verden op-B"]
[Site "Verden"]
[Date "2023.01.08"]
[Round "7"]
[White "Korb, Ruben"]
[Black "Ahlbrecht, Malte"]
[Result "0-1"]
[WhiteElo "1767"]
[BlackElo "1665"]
[PlyCount "78"]
[EventDate "2023.01.05"]
[EventType "swiss"]
[EventRounds "7"]
[EventCountry "GER"]
[SourceTitle "CBM 212 Extra"]
[Source "ChessBase"]
[SourceDate "2023.03.31"]
[SourceVersion "1"]
[SourceVersionDate "2023.03.31"]
[SourceQuality "1"]

1. e4 c5 2. Nc3 Nc6 3. Bb5 g6 4. Bxc6 bxc6 5. d4 Bg7 6. dxc5 Qa5 7. Bd2 Qxc5 8. Nf3 Rb8 9. Rb1 Ba6 10. Ne2 Qc4 11. Bc3 Bxc3+ 12. Nxc3 Rxb2 13. Qd2 Rxb1+ 14. Nxb1 Qxe4+ 15. Kd1 Qd5 16. Re1 Qxd2+ 17. Nbxd2 Nf6 18. Re3 Nd5 19. Ra3 Nc7 20. Ne4 d6 21. Nd4 Kd7 22. Ng5 f6 23. Nge6 Nxe6 24. Nxe6 Bc4 25. Nd4 a6 26. Rc3 Bb5 27. Rb3 e5 28. c4 Ba4 29. Nc2 Bxb3 30. axb3 Rb8 31. b4 c5 32. bxc5 Rb1+ 33. Kd2 Rb2 34. cxd6 Kxd6 35. Kc3 Rxc2+ 36. Kxc2 Kc5 37. Kb3 f5 38. g3 g5 39. Kc3 h5 0-1

[Event "Verden op-B"]
[Site "Verden"]
[Date "2023.01.07"]
[Round "6"]
[White "Schomann, Michael"]
[Black "Korb, Ruben"]
[Result "0-1"]
[WhiteElo "1705"]
[BlackElo "1767"]
[PlyCount "80"]
[EventDate "2023.01.05"]
[EventType "swiss"]
[EventRounds "7"]
[EventCountry "GER"]
[SourceTitle "CBM 212 Extra"]
[Source "ChessBase"]
[SourceDate "2023.03.31"]
[SourceVersion "1"]
[SourceVersionDate "2023.03.31"]
[SourceQuality "1"]

1. d4 Nf6 2. c4 g6 3. Nc3 Bg7 4. e4 d6 5. h3 0-0 6. Nf3 e5 7. d5 Nbd7 8. Bd3 Nc5 9. Bc2 a5 10. Be3 Kh8 11. Qd2 Ng8 12. 0-0 f5 13. exf5 Bxf5 14. Bxf5 gxf5 15. Bxc5 dxc5 16. Ng5 Bh6 17. h4 Bxg5 18. hxg5 Ne7 19. Rae1 Ng6 20. g3 Qd7 21. f4 e4 22. Nd1 c6 23. Ne3 cxd5 24. Nxd5 Ne7 25. Qc3+ Kg8 26. Nf6+ Rxf6 27. gxf6 Nc6 28. Rd1 Nd4 29. a3 Kf7 30. b4 Ne2+ 31. Kg2 Qxd1 32. Qe5 Qd7 33. Rd1 Nxf4+ 34. gxf4 Rg8+ 35. Kh2 Qxd1 36. Qe7+ Kg6 37. Qe5 Kf7 38. Qe7+ Kg6 39. f7 Qe2+ 40. Kg3 Qf3+ 0-1

[Event "Verden op-B"]
[Site "Verden"]
[Date "2023.01.06"]
[Round "4"]
[White "Gaertner, Alessandro"]
[Black "Korb, Ruben"]
[Result "0-1"]
[WhiteElo "1414"]
[BlackElo "1767"]
[PlyCount "119"]
[EventDate "2023.01.05"]
[EventType "swiss"]
[EventRounds "7"]
[EventCountry "GER"]
[SourceTitle "CBM 212 Extra"]
[Source "ChessBase"]
[SourceDate "2023.03.31"]
[SourceVersion "1"]
[SourceVersionDate "2023.03.31"]
[SourceQuality "1"]

1. c4 Nf6 2. g3 g6 3. Bg2 Bg7 4. Nf3 d6 5. 0-0 0-0 6. d4 Nbd7 7. Nc3 e5 8. Re1 Rb8 9. d5 Nh5 10. e4 Nb6 11. Nd2 f5 12. exf5 Qf6 13. Bf3 Bxf5 14. g4 e4 15. Be2 Qh4 16. gxh5 Be5 17. Nf1 Bh3 18. Ng3 Rxf2 19. Ncxe4 Bxg3 20. hxg3 Qxe4 21. Bf3 Qxf3 22. Qxf3 Rxf3 23. Kh2 Bd7 24. hxg6 hxg6 25. Kg2 Rbf8 26. Bf4 Rd3 27. Re7 Re8 28. Rxe8+ Bxe8 29. Rc1 Bd7 30. Kf2 Rd4 31. b3 Re4 32. Kf3 Re8 33. c5 Nxd5 34. cxd6 Nxf4 35. Rxc7 Nd3 36. Kg2 Bc6+ 37. Kh3 Rd8 38. Kg4 Rxd6 39. Kg5 Rd7 40. Rc8+ Kg7 41. a3 a6 42. g4 Ne1 43. Kh4 Nc2 44. a4 Nd4 45. b4 Bxa4 46. Rc4 Bc6 47. Rc1 b6 48. Kg5 Rf7 49. Kh4 Bb5 50. Rh1 Nc6 51. Rb1 Rf4 52. Kg5 Rxb4 53. Rd1 Rd4 54. Re1 Rd7 55. Re6 Rd5+ 56. Kh4 Kf7 57. Re1 Bc4 58. Rc1 b5 59. Ra1 a5 60. Rc1 0-1

[Event "Verden op-B"]
[Site "Verden"]
[Date "2023.01.05"]
[Round "2"]
[White "Stephan, Julius"]
[Black "Korb, Ruben"]
[Result "0-1"]
[WhiteElo "1584"]
[BlackElo "1767"]
[PlyCount "56"]
[EventDate "2023.01.05"]
[EventType "swiss"]
[EventRounds "7"]
[EventCountry "GER"]
[SourceTitle "CBM 212 Extra"]
[Source "ChessBase"]
[SourceDate "2023.03.31"]
[SourceVersion "1"]
[SourceVersionDate "2023.03.31"]
[SourceQuality "1"]

1. c4 Nf6 2. Nc3 g6 3. g3 Bg7 4. Bg2 0-0 5. Nf3 d6 6. 0-0 e5 7. d3 Nc6 8. Bg5 h6 9. Bd2 Nh5 10. e4 f5 11. exf5 Bxf5 12. Nh4 Bxd3 13. Re1 Qf6 14. Bd5+ Kh7 15. Be3 Nb4 16. Bxb7 Rab8 17. Nd5 Nxd5 18. Bxd5 e4 19. f4 Rxb2 20. Bf2 Nxf4 21. gxf4 Rxf2 22. Ng2 Qb2 23. Qg4 Rxg2+ 24. Qxg2 Qxg2+ 25. Kxg2 Bxa1 26. Rxa1 Rxf4 27. Kg3 g5 28. Rc1 e3 0-1

[Event "Niedersachsen-ch"]
[Site "Verden an der Aller"]
[Date "2020.01.04"]
[Round "6"]
[White "Korb, Ruben"]
[Black "Wetjen, Fabian"]
[Result "0-1"]
[WhiteElo "1709"]
[BlackElo "1748"]
[PlyCount "68"]
[EventDate "2020.01.02"]
[EventType "swiss"]
[EventRounds "7"]
[EventCountry "GER"]
[SourceTitle "EXT 2021"]
[Source "ChessBase"]
[SourceDate "2020.10.23"]
[SourceVersion "1"]
[SourceVersionDate "2020.10.23"]
[SourceQuality "1"]

1. e4 e6 2. d4 d5 3. e5 c5 4. Nf3 cxd4 5. Nxd4 Nc6 6. Bb5 Bd7 7. f4 Nxd4 8. Bxd7+ Qxd7 9. Qxd4 Ne7 10. Nd2 Nc6 11. Qd3 Nb4 12. Qb3 Rc8 13. c4 b5 14. Nf3 bxc4 15. Qc3 Nd3+ 16. Ke2 Bb4 17. Qc2 d4 18. Bd2 Nxf4+ 19. Kf1 d3 20. Qd1 Bxd2 21. Qxd2 Ne2 22. Rd1 0-0 23. Kf2 Nd4 24. Rhe1 Nxf3 25. gxf3 Qd4+ 26. Kg2 f5 27. Rc1 Rb8 28. Rc3 Rfd8 29. f4 g5 30. fxg5 Qg4+ 31. Kh1 Qf3+ 32. Kg1 Rd4 33. Qf2 Rg4+ 34. Kf1 Qh1+ 0-1

[Event "Niedersachsen-ch"]
[Site "Verden an der Aller"]
[Date "2020.01.03"]
[Round "4"]
[White "Korb, Ruben"]
[Black "Santos, Jose"]
[Result "0-1"]
[WhiteElo "1709"]
[BlackElo "2282"]
[PlyCount "42"]
[EventDate "2020.01.02"]
[EventType "swiss"]
[EventRounds "7"]
[EventCountry "GER"]
[SourceTitle "EXT 2021"]
[Source "ChessBase"]
[SourceDate "2020.10.23"]
[SourceVersion "1"]
[SourceVersionDate "2020.10.23"]
[SourceQuality "1"]

1. e4 c5 2. Nc3 e6 3. g3 d5 4. exd5 exd5 5. d4 Be6 6. Bg2 cxd4 7. Qxd4 Nc6 8. Qd3 Bb4 9. Bd2 Nge7 10. 0-0-0 Qa5 11. Nge2 0-0-0 12. Qb5 d4 13. Qxa5 Bxa5 14. Nb5 Bc7 15. Be4 Be5 16. Nf4 Nd5 17. Nd3 Bf6 18. Rhe1 a6 19. Na3 Rhe8 20. Nc5 Nde7 21. Bd3 Ne5 0-1

[Event "Niedersachsen-ch op-B"]
[Site "Verden an der Aller"]
[Date "2020.01.02"]
[Round "1"]
[White "Kieselbach, Marvin"]
[Black "Korb, Ruben"]
[Result "0-1"]
[WhiteElo "1492"]
[BlackElo "1709"]
[PlyCount "168"]
[EventDate "2020.01.02"]
[EventType "swiss"]
[EventRounds "7"]
[EventCountry "GER"]
[SourceTitle "EXT 2023"]
[Source "ChessBase"]
[SourceDate "2022.10.05"]
[SourceVersion "1"]
[SourceVersionDate "2022.10.05"]
[SourceQuality "1"]

1. d4 d5 2. Nf3 Bf5 3. e3 Nf6 4. Bd3 Ne4 5. Nbd2 e6 6. Ne5 Nd7 7. 0-0 Be7 8. g4 Nxd2 9. Bxd2 Bg6 10. f4 Bxd3 11. cxd3 f6 12. Nf3 c6 13. a3 Qc7 14. Rc1 e5 15. dxe5 fxe5 16. d4 e4 17. Ne5 0-0 18. g5 Rf5 19. Qg4 Raf8 20. h4 Nxe5 21. dxe5 Qd7 22. Qg3 Kh8 23. Bc3 Qe6 24. Bd4 b6 25. b4 Rc8 26. Rc2 Rff8 27. Rfc1 Rc7 28. h5 Rfc8 29. Rf2 Rf8 30. Rh2 Kg8 31. h6 g6 32. Rf2 Qf5 33. Rd2 Rfc8 34. Bb2 Qe6 35. Rdc2 c5 36. b5 Rd8 37. a4 Rcd7 38. Qg2 Ra8 39. Qe2 Qh3 40. Rd2 Rad8 41. Rc3 c4 42. Rcc2 Qg3+ 43. Kf1 Qh3+ 44. Ke1 Rf8 45. e6 Qxe6 46. Qg2 Bb4 47. Bc3 Bc5 48. Bd4 c3 49. Rxc3 Bb4 50. Rc6 Bxd2+ 51. Kxd2 Rd6 52. Rc7 Rf7 53. Rc2 Qd7 54. Be5 Re6 55. Bd4 Re8 56. Rc6 Rc8 57. Rf6 Rc4 58. f5 Qc7 59. Ke1 Rc1+ 60. Kf2 Rc2+ 61. Kf1 Qc4+ 62. Kg1 Rxg2+ 63. Kxg2 Rxf6 64. gxf6 gxf5 65. Kg3 Kf7 66. Kf4 Qf1+ 67. Ke5 Qc4 68. Kxf5 Qxa4 69. Ke5 Qxb5 70. Kd6 a5 71. Kc7 a4 72. Bxb6 a3 73. Bd4 a2 74. Ba1 Qb1 75. Kd6 Qxa1 76. Kc5 Qc3+ 77. Kd6 Qxf6+ 78. Kd7 Qe6+ 79. Kc7 Ke7 80. Kb7 Qd6 81. Kc8 Qd7+ 82. Kb8 Kd6 83. Ka8 a1Q+ 84. Kb8 Qaa7# 0-1

[Event "Hannover-ch U16/18"]
[Site "Lehrte"]
[Date "2015.10.31"]
[Round "5"]
[White "Korb, Ruben"]
[Black "Heise, Tobias"]
[Result "0-1"]
[WhiteElo "1621"]
[BlackElo "1676"]
[PlyCount "103"]
[EventDate "2015.10.29"]
[EventType "swiss"]
[EventRounds "7"]
[EventCountry "GER"]
[SourceTitle "EXT 2021"]
[Source "ChessBase"]
[SourceDate "2020.10.23"]
[SourceVersion "1"]
[SourceVersionDate "2020.10.23"]
[SourceQuality "1"]

1. e4 d5 2. exd5 Qxd5 3. Nc3 Qd6 4. d4 Nf6 5. Nf3 Bg4 6. Be2 c6 7. 0-0 e6 8. Re1 Nbd7 9. Bg5 Qc7 10. Qd2 Bb4 11. a3 Bd6 12. h3 Bf5 13. Bd3 Bxd3 14. Qxd3 h6 15. Bxf6 Nxf6 16. Ne4 Be7 17. Rad1 0-0 18. c3 Rfd8 19. Qc2 b6 20. Nxf6+ Bxf6 21. Rd2 b5 22. b4 a5 23. Qb3 axb4 24. axb4 Qa7 25. Kh2 Qa3 26. Qxa3 Rxa3 27. Rc2 Be7 28. Ne5 Bd6 29. g3 Bxe5 30. Rxe5 Ra4 31. Rc5 Rd6 32. Kg2 Kf8 33. Re5 Ke7 34. Kf3 Rd7 35. Rce2 Kd6 36. g4 g6 37. h4 Ra3 38. R2e3 Rda7 39. Rc5 Rb3 40. h5 g5 41. Kg3 Ra1 42. Re2 Rc1 43. Re3 Rbb1 44. f3 Rc2 45. Kh3 Rbb2 46. f4 gxf4 47. g5 fxe3 48. gxh6 Ra2 49. h7 Ra8 50. Re5 e2 51. Kg3 Rh8 52. Rxe6+ 0-1

[Event "Hannover-ch U16"]
[Site "Lehrte"]
[Date "2014.10.26"]
[Round "3"]
[White "Korb, Ruben"]
[Black "Kiesel, Lucas"]
[Result "0-1"]
[WhiteElo "1311"]
[BlackElo "1585"]
[PlyCount "80"]
[EventDate "2014.10.25"]
[EventType "swiss"]
[EventRounds "7"]
[EventCountry "GER"]
[SourceTitle "EXT 2021"]
[Source "ChessBase"]
[SourceDate "2020.10.23"]
[SourceVersion "1"]
[SourceVersionDate "2020.10.23"]
[SourceQuality "1"]

1. e4 d6 2. d4 Nf6 3. Nc3 g6 4. Nf3 Bg7 5. Bc4 0-0 6. 0-0 Nxe4 7. Nxe4 d5 8. Bxd5 Qxd5 9. Nc3 Qd8 10. Bf4 Nc6 11. Nb5 Bg4 12. c3 a6 13. Na3 e5 14. dxe5 Qxd1 15. Raxd1 Bxf3 16. gxf3 Nxe5 17. Kg2 Rad8 18. Rxd8 Rxd8 19. Re1 Nd3 20. Re4 f5 21. Bxc7 fxe4 22. Bxd8 exf3+ 23. Kxf3 Nxb2 24. Nb1 Kf7 25. Bb6 Ke6 26. Ke4 Kd6 27. Bd4 Bxd4 28. cxd4 Nd1 29. f3 b5 30. Nd2 Nc3+ 31. Kd3 Nxa2 32. Ne4+ Kc6 33. Nf6 Nb4+ 34. Ke4 a5 35. d5+ Kc5 36. Ke5 Nxd5 37. Nxd5 a4 38. Ke4 a3 39. Ne3 a2 40. Nc2 Kc4 0-1

[Event "GER-chT North U14"]
[Site "Magdeburg"]
[Date "2014.09.13"]
[Round "6.2"]
[White "Korb, Ruben"]
[Black "Weihrauch, Jakob"]
[Result "1-0"]
[WhiteElo "1248"]
[BlackElo "1475"]
[PlyCount "43"]
[EventDate "2014.09.11"]
[EventType "team-swiss"]
[EventRounds "7"]
[EventCountry "GER"]
[SourceTitle "EXT 2016"]
[Source "ChessBase"]
[SourceDate "2015.10.08"]
[SourceVersion "1"]
[SourceVersionDate "2015.10.08"]
[SourceQuality "1"]
[WhiteTeam "Laatzen"]
[BlackTeam "Hamburg"]
[WhiteTeamCountry "GER"]
[BlackTeamCountry "GER"]

1. e4 c5 2. Nf3 d6 3. Bb5+ Bd7 4. Bxd7+ Nxd7 5. Nc3 Ngf6 6. 0-0 g6 7. d4 cxd4 8. Qxd4 Bg7 9. Bg5 0-0 10. Qb4 Rb8 11. Rad1 b5 12. Rfe1 a5 13. Qd4 Ng4 14. Qd2 Nge5 15. Nxe5 Nxe5 16. Bh6 Nc4 17. Qc1 b4 18. Na4 Bxh6 19. Qxh6 Nxb2 20. Nxb2 Qc7 21. Rd3 Qxc2 22. Rh3 1-0

[Event "Hannover-ch U14"]
[Site "Lehrte"]
[Date "2013.10.18"]
[Round "4"]
[White "Korb, Ruben"]
[Black "Weiss, Alexander"]
[Result "1-0"]
[WhiteElo "970"]
[BlackElo "687"]
[PlyCount "55"]
[EventDate "2013.10.17"]
[EventType "swiss"]
[EventRounds "7"]
[EventCountry "GER"]
[SourceTitle "EXT 2021"]
[Source "ChessBase"]
[SourceDate "2020.10.23"]
[SourceVersion "1"]
[SourceVersionDate "2020.10.23"]
[SourceQuality "1"]

1. e4 e5 2. Nf3 Nc6 3. d4 d6 4. dxe5 dxe5 5. Qxd8+ Kxd8 6. Bb5 Nge7 7. Nc3 Bg4 8. Nd5 Nxd5 9. exd5 Bxf3 10. gxf3 Nd4 11. Bd3 Nxf3+ 12. Kf1 Bd6 13. b3 e4 14. Bxe4 Nxh2+ 15. Kg2 Ng4 16. Bb2 Be5 17. Bxe5 Nxe5 18. Rad1 Ke7 19. Rhe1 f6 20. f4 Nd7 21. d6+ Kd8 22. dxc7+ Kxc7 23. Bf5 Rad8 24. Re7 Rhe8 25. Rexd7+ Rxd7 26. Rxd7+ Kb6 27. Rxg7 Re2+ 28. Kf3 1-0